Medzinárodná ekonomická integrácia v rámci EÚ diplomová práca

Guardado en:
Detalles Bibliográficos
Autor principal: Slivková, Ivana
Autor Corporativo: Obchodná fakulta EU. Katedra medzinárodného obchodu
Otros Autores: Vargová, Andrea
Formato: Libro
Lenguaje:eslovaco
Publicado: Bratislava 2012
Etiquetas: Agregar Etiqueta
Sin Etiquetas, Sea el primero en etiquetar este registro!

MARC

LEADER 00000nbm a2200000 4500
001 0158024
005 20170703072255.7
041 0 |a slo 
044 |a SK 
245 1 0 |a Medzinárodná ekonomická integrácia v rámci EÚ  |b diplomová práca  |c Ivana Slivková ; školiteľ: Andrea Vargová 
264 1 |a Bratislava  |c 2012 
300 |a 74 s. 
100 1 |a Slivková, Ivana 
700 1 |a Vargová, Andrea 
710 2 |a Obchodná fakulta EU. Katedra medzinárodného obchodu